Statistics for Languages of ISO 639-1 in Language Families

Click here to take the quiz!

General Stats

  • This quiz has been taken 99 times
  • The average score is 223 of 331

Answer Stats

HintAnswer% Correct
UralicFinnicFinnic CoastalNevaFinnic Central--Estonian
98%
Kartvelian{Georgian}-Zan{Georg}ic----Georgian
96%
{Georgian}-Zan
96%
{Georg}ic
96%
{Turk}ic
96%
{Turk}ic Common
96%
{Turkic} Turkestan
96%
{Turk}ic{Turk}ic CommonOghuzOghuz NuclearOghuz West--Turkish
96%
{Turk}ic{Turk}ic Common{Turkic} Turkestan______-{Uzbek}______-{Uzbek} Modern--Uzbek
96%
______-{Uzbek}
96%
______-{Uzbek} Modern
96%
{Arabi}an
94%
Afro-AsiaticSemiticSemitic WestSemitic Central---Arabic
94%
{Arabic} African North
94%
Indo-EuropeanBalto-SlavicSlavicSlavic SouthSlavic South Western_______-{Croatian}-_______-Croatian
94%
_______-{Croatian}-_______
94%
French
94%
{Turk}ic{Turk}ic CommonKipchakKipchak East---Kyrgyz
94%
Indo-European{Italic}Romance{Italo}-Romance WesternRomance Shifted Southwestern Ibero West-RomanceCastilicSpanish
94%
{Turk}ic{Turk}ic CommonOghuzOghuz NuclearOghuz East--Turkmen
94%
UralicFinnicFinnic CoastalNevaFinnic NorthernFinnic Nuclear-Finnish
92%
Indo-European{German}ic{German}ic West----German
92%
{German} High
92%
{German}ic
92%
{German}ic North
92%
{German}ic North Sea
92%
{German}ic West
92%
{German} Middle
92%
{German} Middle West
92%
Macro-{Portuguese}
92%
Austronesian{Malay}o-Polynesian{Malay}o-Sumbawan{Malay}o-Sumbawan North and East{Malay}ic{Malay}ic Nuclear{Malay}-__________ StandardMalay
92%
{Malay}ic
92%
{Malay}ic Nuclear
92%
{Malay}o-Polynesian
92%
{Malay}o-Polynesian Eastern
92%
{Malay}o-Sumbawan
92%
{Malay}o-Sumbawan North and East
92%
{Malay}-__________ Standard
92%
Indo-European{Italic}Romance{Italo}-Romance WesternRomance Shifted Southwestern {Galician} RomanceMacro-{Portuguese}Portuguese
92%
{Serbian}-________-_______
92%
Indo-EuropeanBalto-SlavicSlavicSlavic SouthSlavic South Western{Serbian}-________-_______-Serbian
92%
Indo-EuropeanBalto-SlavicSlavicSlavic East{Ukrainian}-Rusyn--Ukrainian
92%
{Ukrainian}-Rusyn
92%
Indo-EuropeanBalto-SlavicSlavicSlavic SouthSlavic South Eastern______-{Bulgarian}-Bulgarian
91%
______-{Bulgarian}
91%
Indo-EuropeanBalto-SlavicSlavicSlavic West{Czech}-______--Czech
91%
{Czech}-______
91%
Dutch
91%
Afro-AsiaticSemiticSemitic WestSemitic CentralSemitic NorthwestCanaanite-Hebrew
91%
Kam-{Tai}
91%
{Turk}ic{Turk}ic CommonKipchakKipchak South---Kazakh
91%
Indo-EuropeanBalto-SlavicBaltic Eastern----Latvian
91%
Indo-EuropeanBalto-SlavicBaltic Eastern----Lithuanian
91%
{Macedo}-_________
91%
Indo-EuropeanBalto-SlavicSlavicSlavic SouthSlavic South Eastern{Macedo}-_________-Macedonian
91%
Norwegian
91%
Indo-European{German}ic{German}ic NorthScandinavian West--NorwegianNorwegian Nynorsk
91%
Indo-EuropeanIndo-IranianIranianIranian Southwestern---Persian
91%
{Persian} Middle-Modern
91%
Indo-European{Italic}Romance{Romanian} Northern{Romanian} Eastern--Romanian
91%
{Romanian} Eastern
91%
{Romanian} Northern
91%
{Swed}ic East
91%
{Swed}ic East-Central
91%
Indo-European{German}ic{German}ic NorthScandinavian North{Swed}ic East-Central{Swed}ic East-Swedish
91%
{Tai} Central-Southwest
91%
{Tai}-Kadai
91%
{Tai} Wenma-Southwestern
91%
DravidianDravidian SouthDravidian South I{Tamil}-_______{Tamil}-Kota{Tamil}-Toda{Tamil}-IrulaTamil
91%
{Tamil}-_______
91%
{Tamil}-Irula
91%
{Tamil}-Kodagu
91%
{Tamil}-Kota
91%
{Tamil}-Toda
91%
{Tai}-KadaiKam-{Tai}Daic-BeicDaic{Tai} Central-Southwest{Tai} Wenma-Southwestern{Thai} Southwestern PHThai
91%
{Thai} Southwestern PH
91%
Indo-EuropeanBalto-SlavicSlavicSlavic East---Belarusian
89%
Uralic------Hungarian
89%
Indo-EuropeanCelticCeltic IncularGoidelic---Irish
89%
Koreanic------Korean
89%
Indo-EuropeanBalto-SlavicSlavicSlavic East---Russian
89%
_____-{Slovak}
89%
Indo-EuropeanBalto-SlavicSlavicSlavic West_____-{Slovak}--Slovak
89%
{Angl}ic
87%
{Anglo}-_______
87%
{Turk}ic{Turk}ic CommonOghuzOghuz NuclearOghuz Central--Azerbaijani
87%
_______-________-{Bosnian}
87%
Indo-EuropeanBalto-SlavicSlavicSlavic SouthSlavic South Western_______-________-{Bosnian}-Bosnian
87%
Sino-{Tibetan}Burmo-QiangicLolo-{Burmese}{Burm}ish{Burm}ish SouthernMranmaicMranmaic NuclearBurmese
87%
{Burm}ish
87%
{Burm}ish Southern
87%
Sino-{Tibetan}Sinitic-----Chinese
87%
Creole {English} Pacific
87%
Indo-European{German}ic{German}ic NorthScandinavian South---Danish
87%
Indo-European{German}ic{German}ic West{German}ic North Sea{Anglo}-_______{Anglic}English
87%
Indo-EuropeanIndo-IranianIndo-AryanIndo-Aryan ContinentalIndo-Aryan MidlandsIndo-Aryan Central Zone{Hindi} WesternHindi
87%
{Hindi} Western
87%
{Icelandic}-_______
87%
Indo-European{German}ic{German}ic NorthScandinavian West{Icelandic}-_______--Icelandic
87%
Indo-European{Italic}Romance{Italo}-Romance Western{Italo}-Dalmatian{Italian} Romance-Italian
87%
{Italian} Romance
87%
{Italic}
87%
{Italo}-Dalmatian
87%
{Italo}-Romance Western
87%
Lolo-{Burmese}
87%
Indo-EuropeanBalto-SlavicSlavicSlavic SouthSlavic South Western--Slovene
87%
Austronesian{Malay}o-PolynesianPhilippine Greater CentralPhilippine Central{Tagalog}ic{Tagalog}-Filipino-Tagalog
87%
{Tagalog}-Filipino
87%
{Tagalog}ic
87%
Indo-EuropeanIndo-IranianIndo-AryanIndo-Aryan ContinentalIndo-Aryan MidlandsShaurasenicIndo-Aryan Central ZoneUrdu
87%
{Japon}ic{Japanes}ic{Japan}-Taiwan {Japanese}----Japanese
85%
{Japanes}ic
85%
{Japan}-Taiwan {Japanese}
85%
{Japon}ic
85%
Afro-AsiaticSemiticSemitic WestEthiosemiticEthiopic South{Amharic}-Argobba-Amharic
83%
{Amharic}-Argobba
83%
Indo-European{Italic}Romance{Italo}-Romance WesternRomance Shifted Southwestern --Catalan / Valencian
83%
{Graeco}-Phrygian
83%
Indo-European{Graeco}-Phrygian-----Greek
83%
Austroasiatic------Khmer
83%
{Tai}-KadaiKam-{Tai}Daic-BeicDaic{Tai} Central-Southwest{Tai} Wenma-Southwestern{Thai} Southwestern PHLao
83%
{Mongol}ic-Khitan{Mongol}ic{Mongol}ic EasternKhalkha-Buriat---Mongolian
83%
{Mongol}ic
83%
{Mongol}ic Eastern
83%
{Mongol}ic-Khitan
83%
Indo-EuropeanBalto-SlavicSlavicSlavic WestLechitic--Polish
83%
Indo-EuropeanIndo-IranianIranianIranian Southwestern{Persian} Middle-ModernIranian Modern SouthwesternTat Farsic-CaucasianTajik
83%
Atlantic-CongoVolta-CongoBenue-Congo{Igboid}Nuclear {Igboid}--Igbo
81%
{Igbo}id
81%
Nuclear {Igbo}id
81%
{Quechuan}------Quechua
81%
{Quechua}n
81%
DravidianDravidian SouthDravidian South II{Telugu}ic---Telugu
81%
{Telugu}ic
81%
{Viet}ic
81%
{Viet}-Muong
81%
Austroasiatic{Viet}ic{Viet}-Muong----Vietnamese
81%
Atlantic-CongoVolta-CongoBenue-CongoBantoidBantoid SouthernBantu NarrowBantu EastXhosa
81%
Indo-European------Armenian
79%
{Turk}ic{Turk}ic Common{Turkic} Turkestan{Uyghur}-_____{Uyghur}-_____ Modern{Uyghur}-Ili-Uyghur
79%
{Uyghur}-_____
79%
{Uyghur}-Ili
79%
{Uyghur}-_____ Modern
79%
Indo-European{German}ic{German}ic West---DutchAfrikaans
77%
Indo-European------Albanian
77%
_________-{Faroese}
77%
Indo-European{German}ic{German}ic NorthScandinavian West_________-{Faroese}--Faroese
77%
Austronesian{Malay}o-Polynesian{Malay}o-Polynesian EasternOceanicPacific Linkage CentralTokalau {Fijian}{Fijian} EasternFijian
77%
{Fijian} Eastern
77%
Sino-{Tibetan}
77%
Sino-{Tibetan}BodicBodish{Tibetan} Old Early{Tibetan} Old Middle{Tibetan} Old Late{Tibetan} CentralTibetan
77%
{Tibetan} Central
77%
{Tibetan} Old Early
77%
{Tibetan} Old Late
77%
{Tibetan} Old Middle
77%
{Tibet}ic Southern
77%
Tokalau {Fijian}
77%
Indo-EuropeanIndo-IranianIndo-AryanIndo-Aryan ContinentalIndo-Aryan Eastern Zone{Oriya}-Gauda-KamrupaGauda-{Banga}Bengali
75%
Nakh-DaghestanianNakh{Chechen}-Ingush----Chechen
75%
{Chechen}-Ingush
75%
Gauda-{Banga}
75%
Indo-EuropeanIndo-IranianIranian----Pashto
75%
{Turk}ic{Turk}ic CommonKipchakKipchak North---Tatar
75%
Indo-EuropeanCelticCeltic IncularBrythonic---Welsh
75%
Atlantic-CongoVolta-CongoBenue-CongoDefoid{Yorub}oidEdeEde EasternYoruba
75%
Indo-EuropeanCelticCeltic IncularBrythonicBrythonic Southwestern--Breton
74%
Greater {Punjabi}c
74%
Austronesian{Malay}o-Polynesian{Javanes}ic{Javanese} Modern---Javanese
74%
{Javanese} Modern
74%
{Javanes}ic
74%
DravidianDravidian SouthDravidian South I{Tamil}-_______{Tamil}-Kota{Tamil}-Kodagu{Malayalam}oidMalayalam
74%
{Malayalam}oid
74%
Indo-EuropeanCelticCeltic IncularGoidelic---Manx
74%
Indo-EuropeanIndo-IranianIndo-AryanIndo-Aryan ContinentalIndo-Aryan Northwestern Zone{Sindhi}-LahndaGreater {Punjabi}cPunjabi
74%
Austronesian{Malay}o-Polynesian{Malay}o-Polynesian EasternOceanicPacific Linkage CentralTokalau {Fijian}PolynesianSamoan
74%
{Yorub}oid
74%
Indo-European{Italic}Romance{Italo}-Romance WesternRomance Shifted Southwestern {Galician} Romance-Galician
72%
{Galician} Romance
72%
Austronesian{Malay}o-Polynesian{Malay}o-Sumbawan{Malay}o-Sumbawan North and East{Malay}ic{Malay}ic Nuclear_____-{Indonesian} StandardIndonesian
72%
_____-{Indonesian} Standard
72%
Austronesian{Malay}o-Polynesian{Malay}o-Polynesian EasternOceanicPacific Linkage CentralTokalau {Fijian}PolynesianMaori
72%
Indo-EuropeanIndo-IranianIndo-AryanIndo-Aryan ContinentalIndo-Aryan MidlandsIndo-Aryan Northern zoneEastern PahariNepali
72%
Afro-AsiaticCushiticCushitic EastCushitic East LowlandCushitic East Lowland SouthernCushitic East Lowland MainstreamOmo-TanaSomali
72%
Atlantic-CongoVolta-CongoBenue-CongoBantoidBantoid SouthernBantu NarrowBantu EastZulu
72%
{Basque}------Basque
70%
{Basque}
70%
Indo-EuropeanCelticCeltic IncularBrythonicBrythonic Southwestern--Cornish
70%
Indo-European{Italic}Romance{Italo}-Romance WesternRomance Shifted Southwestern {Occitan}ic-Occitan
70%
{Occitan}ic
70%
Aweti-{Guarani}
68%
Badaga-{Kannada}
68%
TupianAweti-{Guarani}Tupi-{Guarani}Tupi-{Guarani} SouthernTupi-{Guarani} Subgroup ITupi-{Guarani} Subgroup I.A{Paraguay}-Brazil {Guarani}Guarani
68%
_____-{Kannada}
68%
DravidianDravidian SouthDravidian South I_____-{Kannada}Badaga-{Kannada}{Kannad}oid{Kanna}oid NuclearKannada
68%
{Kannad}oid
68%
{Kanna}oid Nuclear
68%
Afro-AsiaticCushiticCushitic EastCushitic East LowlandCushitic East Lowland SouthernCushitic East Lowland Mainstream{Oromo}idOromo
68%
{Oromo}id
68%
Paraguay-Brazil {Guarani}
68%
_______-{Sinhala}
68%
Indo-EuropeanIndo-IranianIndo-AryanIndo-Aryan Middle-Modern_______-{Sinhala}{Sinhala}ic-Sinhala
68%
{Sinhala}ic
68%
Atlantic-CongoVolta-CongoBenue-CongoBantoidBantoid SouthernBantu NarrowBantu EastSwahili
68%
Tupi-{Guarani}
68%
Tupi-{Guarani} Southern
68%
Tupi-{Guarani} Subgroup I
68%
Tupi-{Guarani} Subgroup I.A
68%
{Frisian}
66%
_____-{Frisian}
66%
Indo-European{German}ic{German}ic West{German}ic North Sea_____-{Frisian}{Frisian}-Frisian
66%
SomaliChadicChadic WestChadic West AChadic West A.1--Hausa
66%
Sino-{Tibetan}BodicBodish{Tibetan} Old Early{Tibetan} Old Middle{Tibetan} Old Late{Tibet}ic SouthernDzongkha
64%
Inuit {Greenlandic}
64%
Eskimo-AleutEskimoInuitInuit {Greenlandic}---Kalaallisut / Greenlandic
64%
Indo-European{Italic}Romance{Italo}-Romance WesternRomance Shifted NorthwesternGallo-Rhaetian-Romansh
64%
Afro-AsiaticSemiticSemitic WestEthiosemitic---Tigrinya
64%
Austronesian{Malay}o-Polynesian{Malay}o-Polynesian EasternOceanicPacific Linkage CentralTokalau {Fijian}PolynesianTongan
64%
{Corsic}
62%
_____-{Corsican}
62%
Indo-European{Italic}RomanceRomance Southern_____-{Corsican}{Corsic}-Corsican
62%
Indo-EuropeanCelticCeltic IncularGoidelic---Gaelic
62%
Indo-EuropeanIndo-IranianIndo-AryanIndo-Aryan ContinentalIndo-Aryan Midlands{Gujarati}-Rajasthani{Gujaratic}Gujarati
62%
{Gujarati}c
62%
{Gujarati}-Rajasthani
62%
Indo-European{Italic}-----Latin
62%
______ {Malta}-Tunisian
62%
Afro-AsiaticSemiticSemitic WestSemitic CentralArabianArabic African NorthArabic {Malta}-TunisianMaltese
62%
{Marath}ic
62%
Athabaskan-Eyak-TlingitAthabaskan-EyakAthabaskanApacheanApachean SouthwesternApachean Southwestern Western-Navajo
62%
Austronesian{Malay}o-Polynesian{Malay}o-Sumbawan{Sundanese}-Badui---Sundanese
62%
{Sundanese}-Badui
62%
{Aymara}n------Aymara
60%
{Aymara}n
60%
{Abkhaz}-Adyge{Abkhaz}-Abaza -----Abkhaz
58%
{Abkhaz}-Abaza
58%
{Abkhaz}-Adyge
58%
{Turk}icBolgar-----Chuvash
58%
Indo-EuropeanIndo-IranianIranianIranian Central PBSIranian Central PBIranian NorthwestLaki-{Kurdish}Kurdish
58%
Laki-{Kurdish}
58%
Austronesian{Malay}o-PolynesianBasap-Greater BaritoGreater Barito linkageBarito Southeast--Malagasy
58%
Indo-European{Italic}RomanceRomance Southern{Sardo}-________--Sardinian
58%
{Sardo}-________
58%
Atlantic-CongoVolta-CongoBenue-CongoBantoidBantoid SouthernBantoid Southern NuclearBantoid Southern DimsuffixSotho
58%
Kosraean-{Nauru}an
57%
Austronesian{Malay}o-Polynesian{Malay}o-Polynesian EasternOceanicMicronesianMicronesian CentralMicronesian WesternMarshallese
57%
Austronesian{Malay}o-Polynesian{Malay}o-Polynesian EasternOceanicMicronesianKosraean-{Nauruan}-Nauru
57%
Atlantic-CongoVolta-CongoBenue-CongoBantoidBantoid SouthernBantu NarrowBantu EastTswana
57%
AlgicAlgonquian-BlackfootAlgonquian{Cree}-Montagnais-Naskapi---Cree
55%
{Cree}-Montagnais-Naskapi
55%
Indo-European{Italic}Romance{Italo}-Romance WesternRomance Shifted NorthwesternGallo-RhaetianFrenchHaitian
55%
Indo-European{German}ic{German}ic West{German} High{German} Middle{German} Middle WestFranconian MiddleLuxembourgish
55%
Indo-EuropeanIndo-IranianIndo-AryanIndo-Aryan ContinentalIndo-Aryan Eastern ZoneOriya-Gauda-KamrupaKamrupaAssamese
53%
Indo-EuropeanIndo-IranianIndo-AryanIndo-Aryan ContinentalIndo-Aryan Northwestern Zone{Sindhi}-Lahnda{Sindhi}cSindhi
53%
{Sindhi}c
53%
{Sindhi}-Lahnda
53%
Atlantic-CongoVolta-CongoBenue-CongoBantoidBantoid SouthernBantu NarrowBantu EastSwazi
53%
Afro-AsiaticCushiticCushitic EastCushitic East LowlandSaho-{Afar}--Afar
51%
{Turk}ic{Turk}ic CommonKipchakKipchak North---Bashkir
51%
Atlantic-CongoAtlantic North-Central{Fula}-Sereer----Fula
51%
{Fula}-Sereer
51%
Saho-{Afar}
51%
Atlantic-CongoAtlantic North-Central{Wolof}-BKK----Wolof
51%
{Wolof}-BKK
51%
Atlantic-CongoVolta-CongoBenue-CongoBantoidBantoid SouthernBantu NarrowBantu EastKinyarwanda
49%
Macro-{Oriya}
49%
Indo-EuropeanIndo-IranianIndo-AryanIndo-Aryan ContinentalIndo-Aryan Eastern Zone{Oriya}-Gauda-KamrupaMacro-{Oriya}Odia
49%
{Oriya}-Gauda-Kamrupa
49%
Nakh-DaghestanianDaghestanian{Avar}-Andic-Tsezic----Avar
45%
{Avar}-Andic-Tsezic
45%
Atlantic-CongoVolta-CongoBenue-CongoBantoidBantoid SouthernBantu NarrowBantu EastRundi / Kirundi
45%
Atlantic-CongoVolta-CongoBenue-CongoBantoidBantoid SouthernBantu NarrowBantu EastTsonga
45%
Atlantic-CongoVolta-CongoBenue-CongoBantoidBantoid SouthernBantu NarrowBantu EastVenda
45%
Atlantic-CongoVolta-CongoBenue-CongoBantoidBantoid SouthernBantu NarrowBantu Central-WesternLingala
43%
Atlantic-CongoVolta-CongoBenue-CongoBantoidBantoid Southern--Shona
43%
Indo-European{Italic}Romance{Italo}-Romance WesternRomance Unshifted Western --Aragonese
42%
Indo-EuropeanGermanicGermanic WestGermanic North Sea{Anglo}-_______{Anglic}Creole {English} PacificBislama
42%
Indo-European{German}ic{German}ic NorthScandinavian West--NorwegianNorwegian Bokmål
42%
Indo-European{German}ic{German}ic West{German} High---Yiddish
42%
{Kashmir}ic
40%
{Dhivehi}-_______
36%
Indo-EuropeanIndo-IranianIndo-Aryan{Dhivehi}-_______---Divehi / Dhivehi / Maldivian
36%
Atlantic-CongoVolta-CongoBenue-CongoBantoidBantoid SouthernBantu NarrowBantu Central-WesternKongo
36%
Indo-EuropeanIndo-IranianIndo-AryanIndo-Aryan ContinentalIndo-Aryan Southern Zone{Marath}ic{Marathi}-KonkaniMarathi
36%
{Marathi}-Konkani
36%
Austronesian{Malay}o-Polynesian{Malay}o-Polynesian EasternOceanicOceanic Linkage WesternPapuan Tip LinkagePapuan Tip Linkage PeripheralHiri
34%
Atlantic-CongoVolta-CongoVolta-Congo NorthCameroun-UbangianUbangiNgbandi-Mongoba-KazibatiNgbandicSango
34%
{Tai}-KadaiKam-{Tai}Daic-Beic----Zhuang
34%
Atlantic-CongoVolta-CongoVolta-Congo KwaNyoPotou-TanoTanoTano CentralAkan
32%
Indo-EuropeanIndo-IranianIndo-Aryan----Sanskrit
32%
Atlantic-CongoVolta-CongoBenue-CongoBantoidBantoid SouthernBantu NarrowBantu EastChichewa / Chewa / Nyanja
30%
MandeMande WesternManding-KpelleMande CentralManding-VaiMandingManding EastBambara
26%
Atlantic-CongoVolta-CongoVolta-Congo KwaGbeGbe Western{Eweic}-Ewe
26%
{Ewe}ic
26%
Eskimo-AleutEskimoInuit----Iñupiaq
26%
Austronesian{Malay}o-Polynesian{Malay}o-Polynesian EasternOceanicPacific Linkage CentralTokalau {Fijian}PolynesianTahitian
26%
{Esperantic}
25%
Artifical{Esperantic}-----Esperanto
25%
Artifical------Interlingua
23%
Indo-EuropeanBalto-SlavicSlavicSlavic SouthSlavic South Eastern--Church Slavonic / Old Slavonic / Old Church Slavonic
21%
Atlantic-CongoVolta-CongoBenue-CongoBantoidBantoid SouthernBantu NarrowBantu EastKikuyu
21%
Atlantic-CongoVolta-CongoBenue-CongoBantoidBantoid SouthernBantu NarrowBantu EastGanda
19%
Artifical------Interlingue / Occidental
19%
Austronesian{Malay}o-Polynesian-----Chamorro
17%
Artifical{Esperantic}-----Ido
17%
SaharanSahara Western-----Kanuri
17%
Atlantic-CongoVolta-CongoBenue-CongoBantoidBantoid SouthernBantu NarrowBantu EastSumayela Ndebele / South Ndebele
17%
Artifical------Volapük
17%
Indo-EuropeanIndo-IranianIranian----Avestan
15%
Indo-EuropeanIndo-IranianIndo-AryanIndo-Aryan Middle-ModernDardic Eastern{Kashmir}ic-Kashmiri
15%
Atlantic-CongoVolta-CongoBenue-CongoBantoidBantoid SouthernBantu NarrowBantu EastZimbabwean Ndebele / North Ndebele
15%
Atlantic-CongoVolta-CongoBenue-CongoBantoidBantoid SouthernBantu NarrowBantu Central-WesternHerero
13%
Indo-European{German}ic{German}ic West{German} High{German} Middle{German} Middle WestFranconian MiddleLimburgan
13%
Indo-EuropeanIndo-IranianIndo-AryanIndo-Aryan ContinentalIndo-Aryan MidlandsShaurasenicBihariPali
13%
Atlantic-CongoVolta-CongoVolta-Congo KwaNyoPotou-TanoTanoTano CentralTwi
13%
Indo-European{Italic}Romance{Italo}-Romance WesternRomance Shifted NorthwesternGallo-Rhaetian-Wallon
13%
Sino-{Tibetan}Burmo-QiangicLolo-{Burmese}LoloishNi-Li-KazhouishNgwi SoutheasternNisoidSichuan Yi
11%
Atlantic-CongoVolta-CongoBenue-CongoBantoidBantoid SouthernBantu NarrowBantu Central-WesternNdonga
9%
{Ojibwa}-Potawatomi
9%
Eskimo-AleutEskimoInuit----Eastern Canadian Inuktitut
8%
{Komi}
8%
UralicPermian{Komi}----Komi-Zyrian
8%
Atlantic-CongoVolta-CongoBenue-CongoBantoidBantoid SouthernBantu NarrowBantu Central-WesternKuanyama
8%
Uralic{Saami}{Saami} Western{Saami} Western Central---North Saami
8%
Indo-EuropeanIndo-IranianIranianIranian Central PBSSogdic-{Ossetic}--Ossetic
8%
{Saami}
8%
{Saami} Western
8%
{Saami} Western Central
8%
Sogdic-{Ossetic}
8%
Eskimo-AleutEskimoInuit----Western Canadian Inuktitut
8%
Atlantic-CongoVolta-CongoBenue-CongoBantoidBantoid SouthernBantu NarrowBantu Central-WesternLuba-Katanga
6%
AlgicAlgonquian-BlackfootAlgonquianAlgonquian Great Lakes Eastern{Ojibwa}-Potawatomi--Objiwa
2%

Score Distribution

Percentile by Number Answered

Percent of People with Each Score

Your Score History

You have not taken this quiz